| 000 | 01220nam a22003617a 4500 | ||
|---|---|---|---|
| 001 | 000496 | ||
| 003 | DO-SdBPM | ||
| 005 | 20260309135336.0 | ||
| 007 | ta | ||
| 008 | 160914b1997 ag a |||| 00| 0 spa d | ||
| 020 | _a9507010602 | ||
| 040 |
_aDO-SdBPM _bspa _cBPMSU _erda |
||
| 082 | 0 | 4 |
_a372.41 _bN716c 1997 _222 |
| 245 | 1 | 0 |
_aLos niños construyen su lectorescrituras / _ccompilación Yetta M. Goodman ; traducción Isabel Stratta |
| 246 | 1 | 4 |
_aLos niños construyen su lectorescrituras: _bun enfoque Piagetiano |
| 250 | _a4a. ed. | ||
| 260 | _b | ||
| 264 |
_aBuenos Aires, Argentina : _bTalleres Gráficos D Aversa, _c1997 |
||
| 300 |
_a144 páginas : _bilustraciones ; _c25 cm. |
||
| 336 |
_atexto _btxt _2rdacontent |
||
| 337 |
_asin mediación _bn _2rdamedia |
||
| 338 |
_avolumen _bnc _2rdacarrier |
||
| 504 | _aBibliografía : páginas 448 | ||
| 590 | _aInventariado, 2026/VM | ||
| 650 | 7 | _aMétodos de estudio. | |
| 650 | 4 | _aFacilidad de lectura. | |
| 650 | 7 | _aCaligrafía | |
| 650 | 7 |
_aEscritura _xEnseñanza primaria |
|
| 700 | 1 |
_a Goodman, Yetta M. _ecompilador |
|
| 700 | 1 |
_aStratta, Isabel _etraducción |
|
| 910 | _aVMateo V. Control de calidad. BPMSU | ||
| 942 |
_2ddc _cBK |
||
| 999 |
_c15747 _d15747 |
||